Spotrebná daň z liehu - zmeny vyplývajúce z nového zákona platného od 1. 1. 2004

Charakteristika spotrebnej dane. Niektoré nové pojmy z nového zákona o spotrebnej dani z liehu, platného od 1. 1. 2004. Celý zákon vstúpi do platnosti od 1. 5. 2004.

Salvato in:
Dettagli Bibliografici
Autore principale: Bartošová, Jana
Natura: Capitolo di libro
Lingua:slovacco
Soggetti:
Tags: Aggiungi Tag
Nessun Tag, puoi essere il primo ad aggiungerne!!

MARC

LEADER 00000naa$a2200000$$$4500
001 0004344
005 20230919094515.9
041 0 |a slo 
044 |a SK 
245 1 0 |a Spotrebná daň z liehu - zmeny vyplývajúce z nového zákona platného od 1. 1. 2004  |c aut. Jana Bartošová 
520 |a Charakteristika spotrebnej dane. Niektoré nové pojmy z nového zákona o spotrebnej dani z liehu, platného od 1. 1. 2004. Celý zákon vstúpi do platnosti od 1. 5. 2004. 
610 2 0 |a dane spotrebné 
610 2 0 |a lieh 
610 2 0 |a Slovensko 
610 2 0 |a 2004 
610 2 0 |a aproximácia práva 
100 1 |a Bartošová, Jana